NBA Player's By Nickname - Statistics

General Stats
  • This quiz has been taken 38 times
  • The average score is 17 of 23
Answer Stats
Nickname Player % Correct
Air Jordan Michael Jordan
100%
Black Mamba Kobe Bryant
94%
King James LeBron James
94%
Greek Freak Giannis Antetokounmpo
91%
Dr. J Julius Erving
91%
The Mailman Karl Malone
91%
The Answer Allen Iverson
88%
The Dream Hakeem Olajuwon
84%
Vinsanity Vince Carter
84%
The Admiral David Robinson
81%
The Worm Dennis Rodman
81%
The Glove Gary Payton
81%
Pistol Pete Pete Maravich
78%
Big Fundamental Tim Duncan
69%
White Chocolate Jason Williams
66%
The Truth Paul Pierce
59%
Big Shot Bob Robert Horry
59%
Iceman George Gervin
53%
The Jet Kenny Smith
53%
Agent Zero Gilbert Arenas
44%
Big Game James James Worthy
44%
Magic Earvin Johnson
41%
The Reign Man Shawn Kemp
34%
No matching quizzes found
Score Distribution
Percent of People with Each Score
Percentile by Number Answered
Your Score History
You have not taken this quiz